L'education rationelle de la volonté (Record no. 91392)

MARC details
000 -LEADER
campo de control de longitud fija 00528nam a2200169 i 4500
001 - NÚMERO DE CONTROL
campo de control 91392
003 - IDENTIFICADOR DE NÚMERO DE CONTROL
campo de control ES-MaACL
005 - FECHA Y HORA DE LA ÚLTIMA TRANSACCIÓN
campo de control 20230906180718.0
007 - CAMPO FIJO DE DESCRIPCIÓN FÍSICA--INFORMACIÓN GENERAL
campo de control de longitud fija t|
008 - DATOS DE LONGITUD FIJA--INFORMACIÓN GENERAL
campo de control de longitud fija 050131s1917 fr ||||1| fre d
100 1# - ENTRADA PRINCIPAL--NOMBRE DE PERSONA
Nombre de persona Levy, Paul-Emile.
9 (RLIN) 72009
245 12 - MENCIÓN DEL TÍTULO
Título L'education rationelle de la volonté
Resto del título : son emploi thérapeutique /
Mención de responsabilidad, etc. Paul-Emile Levy ; préface de Bernheim.
250 ## - MENCION DE EDICION
Mención de edición 2eme ed.
260 ## - PUBLICACIÓN, DISTRIBUCIÓN, ETC.
Lugar de publicación, distribución, etc. Paris :
Nombre del editor, distribuidor, etc. Félix Alcan,
Fecha de publicación, distribución, etc. 1917 (
Lugar de fabricación/manufactura Evreux :
Fabricante Hérissey)
300 ## - DESCRIPCIÓN FÍSICA
Extensión II, 278 p. ;
Dimensiones 19 cm.
852 ## - LOCALIZACIÓN
Ubicación ES-MaACL
Número de control de estantería B-11668
Holdings
Estatus retirado Estado de pérdida Estado de daño No para préstamo Biblioteca de origen Biblioteca actual Ubicación en estantería Fecha de adquisición Fuente de adquisición Total de préstamos Signatura topográfica completa Código de barras Visto por última vez Precio de reemplazo Tipo de ítem Koha
        Biblioteca del Ateneo de Madrid Biblioteca del Ateneo de Madrid Sala Pardo Bazán 17/01/2008     B-11668 1095416 23/02/2023 23/02/2023 Libro impreso